[Event "COL-chT 21st"]
[Site "Cartagena"]
[Date "2019.11.30"]
[Round "7.4"]
[White "Casas, Jose Fernando"]
[Black "Pantoja, Armando Ramiro"]
[Result "1/2-1/2"]
[WhiteElo "1774"]
[BlackElo "1756"]
[PlyCount "69"]
[EventDate "2019.11.30"]
[EventType "team-swiss"]
[EventRounds "9"]
[EventCountry "COL"]
[SourceTitle "CBM 195 Extra"]
[Source "ChessBase"]
[SourceDate "2020.05.31"]
[SourceVersion "1"]
[SourceVersionDate "2020.05.31"]
[SourceQuality "1"]
[WhiteTeam "Fuerzas Armadas"]
[BlackTeam "Narino"]
[WhiteTeamCountry "COL"]
[BlackTeamCountry "COL"]

1. e4 e5 2. d4 exd4 3. Bc4 d6 4. Nf3 Be7 5. c3 dxc3 6. 0-0 Nf6 7. Nxc3 0-0 8. Kh1 Be6 9. Bxe6 fxe6 10. Qb3 Qc8 11. Ng5 d5 12. exd5 Nxd5 13. Nxd5 Bxg5 14. Nxc7 Qxc7 15. Bxg5 Kh8 16. Qxe6 Nc6 17. Rac1 Rae8 18. Qh3 Qe5 19. f4 Qxb2 20. f5 Nd4 21. f6 gxf6 22. Bxf6+ Rxf6 23. Rcd1 Rxf1+ 24. Rxf1 Qe2 25. Rg1 Rg8 26. Qc3 Qf2 27. a4 h6 28. a5 Kh7 29. Qc7+ Rg7 30. Qe5 Ne2 31. Qe4+ Kh8 32. Qe8+ Kh7 33. Qe4+ Kh8 34. Qe8+ Kh7 35. Qe4+ 1/2-1/2

[Event "COL-chT 21st"]
[Site "Cartagena"]
[Date "2019.11.30"]
[Round "5.4"]
[White "Casas, Jose Fernando"]
[Black "Pereira Vera, Henry Alberto"]
[Result "1-0"]
[WhiteElo "1774"]
[BlackElo "1846"]
[PlyCount "102"]
[EventDate "2019.11.30"]
[EventType "team-swiss"]
[EventRounds "9"]
[EventCountry "COL"]
[SourceTitle "CBM 195 Extra"]
[Source "ChessBase"]
[SourceDate "2020.05.31"]
[SourceVersion "1"]
[SourceVersionDate "2020.05.31"]
[SourceQuality "1"]
[WhiteTeam "Fuerzas Armadas"]
[BlackTeam "Norte de Santander"]
[WhiteTeamCountry "COL"]
[BlackTeamCountry "COL"]

1. d4 e5 2. dxe5 Nc6 3. Nf3 Qe7 4. Bd2 Nxe5 5. e3 Ng6 6. Nc3 c6 7. Bd3 Nf6 8. Qe2 d6 9. h3 Qc7 10. a3 Be7 11. Ng5 Bd7 12. Nge4 d5 13. Nxf6+ Bxf6 14. 0-0-0 0-0 15. Bxg6 fxg6 16. h4 b5 17. Na2 a5 18. h5 g5 19. h6 g6 20. Bc3 b4 21. Bxf6 Rxf6 22. Qd3 bxa3 23. Qxa3 Rxf2 24. Rhf1 Raf8 25. Rxf2 Rxf2 26. e4 Qf4+ 27. Kb1 Rf1 28. Rxf1 Qxf1+ 29. Nc1 dxe4 30. Qc3 Qf7 31. Qxa5 e3 32. Qxg5 e2 33. Nxe2 Bf5 34. Qd8+ Qf8 35. Qd2 Be4 36. g4 Kf7 37. g5 Qe7 38. Qf4+ Ke8 39. Qd2 Bd5 40. Nc1 Qe4 41. Qa5 Qe7 42. Qa8+ Kf7 43. Qh8 Ke6 44. Qg8+ Kd6 45. Qb8+ Ke6 46. Nd3 Qxg5 47. Qg8+ Kf5 48. Qxh7 Qg1+ 49. Nc1 Be4 50. Qf7+ Ke5 51. h7 c5 1-0

[Event "COL-chT 21st"]
[Site "Cartagena"]
[Date "2019.11.30"]
[Round "9.4"]
[White "Casas, Jose Fernando"]
[Black "Tobar Beltran, Jorge Esteban"]
[Result "0-1"]
[WhiteElo "1774"]
[BlackElo "1803"]
[PlyCount "48"]
[EventDate "2019.11.30"]
[EventType "team-swiss"]
[EventRounds "9"]
[EventCountry "COL"]
[SourceTitle "CBM 195 Extra"]
[Source "ChessBase"]
[SourceDate "2020.05.31"]
[SourceVersion "1"]
[SourceVersionDate "2020.05.31"]
[SourceQuality "1"]
[WhiteTeam "Fuerzas Armadas"]
[BlackTeam "Cauca"]
[WhiteTeamCountry "COL"]
[BlackTeamCountry "COL"]

1. d4 b6 2. e4 Bb7 3. Nc3 Nf6 4. e5 Nd5 5. Nf3 e6 6. Bd3 Be7 7. 0-0 0-0 8. a3 c5 9. dxc5 bxc5 10. Ne4 Nc6 11. c4 Nc7 12. Be3 d5 13. exd6 Bxd6 14. Nxd6 Qb8 15. Nxb7 Qxb7 16. Be4 Rad8 17. Qc2 g6 18. Rad1 Qb6 19. Bh6 Rfe8 20. Bg5 Rxd1 21. Rxd1 Nd4 22. Qc3 e5 23. b4 Ne2+ 24. Kh1 Nxc3 0-1

[Event "COL-chT rapid"]
[Site "Cartagena"]
[Date "2019.11.29"]
[Round "2.4"]
[White "Remicio Duque, John H"]
[Black "Casas, Jose Fernando"]
[Result "1-0"]
[WhiteElo "1942"]
[BlackElo "1791"]
[PlyCount "47"]
[EventDate "2019.11.29"]
[EventType "team-swiss"]
[EventRounds "7"]
[EventCountry "COL"]
[SourceTitle "CBM 193 Extra"]
[Source "ChessBase"]
[SourceDate "2020.01.31"]
[SourceVersion "1"]
[SourceVersionDate "2020.01.31"]
[SourceQuality "1"]
[WhiteTeam "Caqueta"]
[BlackTeam "Fuerzas Armadas"]
[WhiteTeamCountry "COL"]
[BlackTeamCountry "COL"]

1. e4 c5 2. c3 d5 3. exd5 Qxd5 4. d4 e6 5. Nf3 cxd4 6. cxd4 a6 7. Nc3 Qd8 8. Bd3 Nf6 9. 0-0 Be7 10. Qe2 0-0 11. a3 b5 12. Rd1 Bb7 13. Ne5 Nc6 14. Be3 Qc7 15. Ng4 Rad8 16. Rac1 Qb8 17. Bb1 Qa8 18. d5 Na5 19. d6 Rxd6 20. Nxf6+ gxf6 21. Rxd6 Bxd6 22. Qd3 f5 23. Qxd6 Bxg2 24. Qg3+ 1-0

[Event "COL-chT"]
[Site "Cartagena"]
[Date "2019.11.27"]
[Round "6.4"]
[White "Casas, Jose Fernando"]
[Black "Basilio Santos, Eleazar"]
[Result "1-0"]
[WhiteElo "1733"]
[BlackElo "1409"]
[PlyCount "33"]
[EventDate "2019.11.24"]
[EventType "team-swiss"]
[EventRounds "7"]
[EventCountry "COL"]
[SourceTitle "CBM 193 Extra"]
[Source "ChessBase"]
[SourceDate "2020.01.31"]
[SourceVersion "1"]
[SourceVersionDate "2020.01.31"]
[SourceQuality "1"]
[WhiteTeam "Fuerzas Armadas"]
[BlackTeam "Sucre"]
[WhiteTeamCountry "COL"]
[BlackTeamCountry "COL"]

1. e4 b6 2. Bc4 Bb7 3. Nf3 e6 4. Qe2 Nf6 5. e5 Nd5 6. d4 c5 7. 0-0 Be7 8. Nbd2 g5 9. Ne4 Nc6 10. Bxd5 exd5 11. Nd6+ Bxd6 12. exd6+ Kf8 13. Bxg5 f6 14. Bh6+ Kf7 15. Rae1 Qe8 16. Ng5+ fxg5 17. Qh5+ 1-0

[Event "COL-chT"]
[Site "Cartagena"]
[Date "2019.11.24"]
[Round "1.4"]
[White "Casas, Jose Fernando"]
[Black "Martinez, Julian"]
[Result "0-1"]
[WhiteElo "1733"]
[BlackElo "2117"]
[PlyCount "42"]
[EventDate "2019.11.24"]
[EventType "team-swiss"]
[EventRounds "7"]
[EventCountry "COL"]
[SourceTitle "CBM 193 Extra"]
[Source "ChessBase"]
[SourceDate "2020.01.31"]
[SourceVersion "1"]
[SourceVersionDate "2020.01.31"]
[SourceQuality "1"]
[WhiteTeam "Fuerzas Armadas"]
[BlackTeam "Santander"]
[WhiteTeamCountry "COL"]
[BlackTeamCountry "COL"]

1. e4 d5 2. Nc3 dxe4 3. Nxe4 Nf6 4. Qe2 Nxe4 5. Qxe4 Nc6 6. Bb5 Bd7 7. Nf3 g6 8. Ne5 Nxe5 9. Qxe5 f6 10. Qe2 e5 11. 0-0 Qe7 12. Bxd7+ Qxd7 13. Qf3 Qc6 14. Qxc6+ bxc6 15. f4 exf4 16. Rxf4 f5 17. Rc4 Kd7 18. d4 Re8 19. Bf4 Bd6 20. Bxd6 cxd6 21. Ra4 Ke6 0-1

[Event "COL-chT Interligas"]
[Site "Palmira"]
[Date "2019.04.28"]
[Round "3.3"]
[White "Benavides, Christian Camilo"]
[Black "Casas, Jose Fernando"]
[Result "1-0"]
[WhiteElo "1872"]
[BlackElo "1750"]
[PlyCount "105"]
[EventDate "2019.04.27"]
[EventType "team-swiss"]
[EventRounds "6"]
[EventCountry "COL"]
[SourceTitle "CBM 190 Extra"]
[Source "ChessBase"]
[SourceDate "2019.07.15"]
[SourceVersion "1"]
[SourceVersionDate "2019.07.15"]
[SourceQuality "1"]
[WhiteTeam "Narino"]
[BlackTeam "Fuerzas Armadas II"]
[WhiteTeamCountry "COL"]
[BlackTeamCountry "COL"]

1. e4 e5 2. Nf3 Nf6 3. Nc3 Nc6 4. Bc4 Be7 5. 0-0 h6 6. d4 d6 7. h3 a6 8. dxe5 Nxe5 9. Nxe5 dxe5 10. Qe2 0-0 11. Be3 c6 12. Rad1 Qc7 13. Qf3 b5 14. Bd3 b4 15. Ne2 c5 16. b3 Bb7 17. Ng3 Kh7 18. Nf5 Ng8 19. Qg4 Bf6 20. f4 g6 21. Ng3 Bg7 22. h4 exf4 23. Bxf4 Qc8 24. Qxc8 Raxc8 25. Bd6 Rfd8 26. Rxf7 Rxd6 27. Rxb7 Kh8 28. h5 gxh5 29. Rxg7 Nf6 30. Rg6 Nxe4 31. Rxd6 Nxd6 32. Bxa6 Rc6 33. Bd3 h4 34. Nf5 c4 35. Nxd6 cxd3 36. Nc4 dxc2 37. Rc1 Kg7 38. Rxc2 Kf6 39. Kh2 Ra6 40. Kh3 Kf5 41. Kxh4 Ke4 42. Rd2 Rf6 43. g4 Rf1 44. Rh2 Kd3 45. Kh5 Rf6 46. Ne5+ Kc3 47. Ng6 Rd6 48. Kxh6 Rd2 49. Rxd2 Kxd2 50. Ne5 Kc2 51. Nc6 Kb2 52. Nxb4 Ka3 53. g5 1-0

[Event "Palmira op"]
[Site "Palmira"]
[Date "2018.09.21"]
[Round "2"]
[White "Casas, Jose Fernando"]
[Black "Plazas, Alfonso"]
[Result "0-1"]
[WhiteElo "1772"]
[BlackElo "1930"]
[PlyCount "66"]
[EventDate "2018.09.20"]
[EventType "swiss"]
[EventRounds "7"]
[EventCountry "COL"]
[SourceTitle "CBM 187 Extra"]
[Source "ChessBase"]
[SourceDate "2018.11.04"]
[SourceVersion "1"]
[SourceVersionDate "2018.11.04"]
[SourceQuality "1"]

1. e4 e5 2. d4 exd4 3. Bc4 Nc6 4. Nf3 d6 5. c3 Qd7 6. cxd4 h6 7. Nc3 Nf6 8. 0-0 Be7 9. e5 dxe5 10. d5 e4 11. Bb5 exf3 12. dxc6 bxc6 13. Qxf3 Bb7 14. Bf4 0-0-0 15. Ba4 Bd6 16. Be3 Kb8 17. b4 Ng4 18. Bf4 g5 19. Bxd6 cxd6 20. Bb3 Ne5 21. Qf6 Rhg8 22. Qxh6 Rg6 23. Qh5 g4 24. Rad1 Qe7 25. Rfe1 Rg5 26. Qh6 Rg6 27. Qf4 Rh8 28. Ne4 d5 29. Ng3 f6 30. Nf5 Qc7 31. Qg3 Bc8 32. f4 gxf3 33. Qf4 Rxg2+ 0-1

[Event "Palmira op"]
[Site "Palmira"]
[Date "2018.09.21"]
[Round "3"]
[White "Diaz Recalde, Nestor"]
[Black "Casas, Jose Fernando"]
[Result "1-0"]
[WhiteElo "1793"]
[BlackElo "1772"]
[PlyCount "68"]
[EventDate "2018.09.20"]
[EventType "swiss"]
[EventRounds "7"]
[EventCountry "COL"]
[SourceTitle "CBM 187 Extra"]
[Source "ChessBase"]
[SourceDate "2018.11.04"]
[SourceVersion "1"]
[SourceVersionDate "2018.11.04"]
[SourceQuality "1"]

1. e4 c5 2. Nf3 d6 3. Nc3 Nf6 4. Bc4 e6 5. 0-0 Be7 6. Re1 0-0 7. d3 a6 8. a4 Nc6 9. h3 Bd7 10. Ne2 d5 11. exd5 exd5 12. Ba2 h6 13. c3 Bd6 14. d4 c4 15. Bb1 Qc7 16. Be3 Ne7 17. Qc1 Nf5 18. Bf4 Rfe8 19. Ne5 Rad8 20. Nxd7 Qxd7 21. Bxf5 Qxf5 22. Bxd6 Rxd6 23. Ng3 Rxe1+ 24. Qxe1 Qc2 25. Qe2 Qxe2 26. Nxe2 Rb6 27. Ra2 g5 28. f3 Kg7 29. Kf2 Kg6 30. g4 h5 31. Ng3 h4 32. Nf5 Ne8 33. Ke2 Kf6 34. Kd2 Ng7 1-0

[Event "COL pre olympic sf3"]
[Site "Dosquebradas"]
[Date "2018.06.04"]
[Round "10"]
[White "Casas, Jose Fernando"]
[Black "Fiesco Hoyos, Javier"]
[Result "0-1"]
[WhiteElo "1825"]
[BlackElo "1499"]
[PlyCount "62"]
[EventDate "2018.05.30"]
[EventType "swiss"]
[EventRounds "10"]
[EventCountry "COL"]
[SourceTitle "CBM 184 Extra"]
[Source "ChessBase"]
[SourceDate "2018.06.28"]
[SourceVersion "1"]
[SourceVersionDate "2018.06.28"]
[SourceQuality "1"]

1. e4 c6 2. Nf3 d5 3. Nc3 e6 4. e5 Nd7 5. d3 Ne7 6. Bg5 Qb6 7. Rb1 Nf5 8. a3 Bc5 9. Qd2 Nd4 10. Na4 Nxf3+ 11. gxf3 Nxe5 12. Bg2 Qb5 13. Nxc5 Qxc5 14. 0-0 Ng6 15. Be3 d4 16. Bf4 Nxf4 17. Qxf4 0-0 18. Rbc1 e5 19. Qg5 Qd6 20. Kh1 f5 21. Rg1 Qf6 22. Qd2 f4 23. c3 Qh4 24. Bf1 Rf6 25. Be2 Rh6 26. Rg2 Bh3 27. Rcg1 Bxg2+ 28. Rxg2 Rf8 29. Bd1 Rff6 30. Bb3+ Kh8 31. cxd4 Rfg6 0-1

[Event "COL pre olympic sf3"]
[Site "Dosquebradas"]
[Date "2018.06.03"]
[Round "8"]
[White "Casas, Jose Fernando"]
[Black "Perez Valcarcel, Maria Jose"]
[Result "0-1"]
[WhiteElo "1825"]
[BlackElo "1477"]
[PlyCount "100"]
[EventDate "2018.05.30"]
[EventType "swiss"]
[EventRounds "10"]
[EventCountry "COL"]
[SourceTitle "CBM 184 Extra"]
[Source "ChessBase"]
[SourceDate "2018.06.28"]
[SourceVersion "1"]
[SourceVersionDate "2018.06.28"]
[SourceQuality "1"]

1. e4 c5 2. Nf3 e6 3. Nc3 a6 4. d3 Nc6 5. Be2 Nf6 6. 0-0 d5 7. exd5 exd5 8. d4 c4 9. a4 Be7 10. h3 0-0 11. Bg5 Be6 12. Be3 Rb8 13. Ng5 b5 14. axb5 axb5 15. f4 b4 16. Nb1 Bf5 17. g4 Be4 18. Nd2 c3 19. bxc3 bxc3 20. Ngxe4 dxe4 21. Ra6 Nxd4 22. Nc4 Nxe2+ 23. Qxe2 Qc8 24. Ne5 Nd5 25. Rc6 Qb7 26. Rc4 Qb5 27. Re1 Nxe3 28. Qxe3 f6 29. Nc6 Qxc4 30. Nxe7+ Kf7 31. Nf5 Qc7 32. Qxe4 Qc5+ 33. Qd4 Qxd4+ 34. Nxd4 Rb4 35. Ne6 Rb2 36. f5 Ra8 37. Re2 Ra1+ 38. Kf2 Rc1 39. Nd8+ Kf8 40. Ne6+ Ke7 41. Nd4+ Kd7 42. Re3 Rd1 43. Ne2 Rxc2 44. Rxc3 Rxc3 45. Nxc3 Rd3 46. Ne4 Rxh3 47. Ng3 Rh2+ 48. Kf3 Kd6 49. Nh5 Rxh5 50. gxh5 Ke5 0-1

[Event "COL pre olympic sf3"]
[Site "Dosquebradas"]
[Date "2018.06.01"]
[Round "4"]
[White "Casas, Jose Fernando"]
[Black "Sanchez Riobo, Emily Dainne"]
[Result "1-0"]
[WhiteElo "1825"]
[BlackElo "1337"]
[PlyCount "50"]
[EventDate "2018.05.30"]
[EventType "swiss"]
[EventRounds "10"]
[EventCountry "COL"]
[SourceTitle "CBM 184 Extra"]
[Source "ChessBase"]
[SourceDate "2018.06.28"]
[SourceVersion "1"]
[SourceVersionDate "2018.06.28"]
[SourceQuality "1"]

1. e4 e5 2. d4 exd4 3. Bc4 Nc6 4. Nf3 Bc5 5. 0-0 d6 6. Bg5 Nf6 7. Bb5 Bd7 8. Bxc6 Bxc6 9. Nxd4 Bd7 10. Nc3 Qe7 11. Nd5 Qd8 12. b4 Bb6 13. a4 c6 14. Nxf6+ gxf6 15. Bf4 Qe7 16. Nf5 Bxf5 17. exf5 0-0-0 18. a5 Bc7 19. Re1 Qd7 20. Qd4 Kb8 21. Be3 b6 22. Qxf6 Rhe8 23. axb6 Bxb6 24. Bxb6 Rxe1+ 25. Rxe1 axb6 1-0

[Event "COL-ch Amateur U2000"]
[Site "Bogota"]
[Date "2017.03.05"]
[Round "7"]
[White "Blanco, Santiago"]
[Black "Casas, Jose Fernando"]
[Result "1-0"]
[WhiteElo "1708"]
[BlackElo "1858"]
[PlyCount "99"]
[EventDate "2017.03.02"]
[EventType "swiss"]
[EventRounds "7"]
[EventCountry "COL"]
[SourceTitle "CBM 177 Extra"]
[Source "ChessBase"]
[SourceDate "2017.04.27"]
[SourceVersion "1"]
[SourceVersionDate "2017.04.27"]
[SourceQuality "1"]

1. e4 c5 2. c3 d6 3. d4 Nf6 4. Bd3 cxd4 5. cxd4 g6 6. Ne2 Bg7 7. 0-0 0-0 8. Nbc3 Qb6 9. a3 Bd7 10. Rb1 Nc6 11. d5 Ne5 12. Be3 Qa5 13. Bc2 Rac8 14. f3 Nc4 15. Bd4 e6 16. Qd3 e5 17. Bf2 b5 18. Bb3 Nh5 19. Bxc4 bxc4 20. Qd2 f5 21. Be3 f4 22. Bf2 a6 23. Rfc1 Qd8 24. b3 Qg5 25. Qe1 Qf6 26. bxc4 g5 27. Rb7 Rf7 28. h3 Rxc4 29. Na2 Bb5 30. Rxf7 Rxc1 31. Rxg7+ Nxg7 32. Naxc1 h5 33. Qc3 Kh7 34. Qc8 Qe7 35. Nc3 Bd7 36. Qxa6 g4 37. hxg4 hxg4 38. Kf1 gxf3 39. gxf3 Qd8 40. a4 Qc7 41. N1e2 Bh3+ 42. Ke1 Qb8 43. Qb6 Qxb6 44. Bxb6 Ne8 45. a5 Bc8 46. Nb5 Kg6 47. Nc7 Nf6 48. a6 Nd7 49. Bf2 Kf7 50. a7 1-0

[Event "COL sub zt 2.3.4"]
[Site "La Dorada"]
[Date "2016.11.06"]
[Round "8"]
[White "Velez, Luis Fernando"]
[Black "Casas, Jose Fernando"]
[Result "0-1"]
[WhiteElo "1761"]
[BlackElo "1875"]
[PlyCount "60"]
[EventDate "2016.11.02"]
[EventType "swiss"]
[EventRounds "9"]
[EventCountry "COL"]
[SourceTitle "CBM 175 Extra"]
[Source "ChessBase"]
[SourceDate "2016.12.12"]
[SourceVersion "1"]
[SourceVersionDate "2016.12.12"]
[SourceQuality "1"]

1. e4 c5 2. Nf3 d6 3. Nc3 Nf6 4. d4 cxd4 5. Nxd4 g6 6. Be2 Bg7 7. Be3 Nc6 8. Qd2 Bd7 9. f3 Rc8 10. h3 a6 11. 0-0 0-0 12. Rad1 Nh5 13. Kh2 Qa5 14. Nb3 Qd8 15. f4 Nf6 16. Bf3 b5 17. a3 Qc7 18. g4 Be6 19. g5 Nd7 20. Nd4 Na5 21. Qf2 Nc4 22. Bc1 Bxd4 23. Qxd4 Nxa3 24. Rf2 Qc5 25. Bg4 Bxg4 26. hxg4 Nxc2 27. Qxc5 Rxc5 28. Nd5 Re8 29. b4 Rc4 30. f5 Nxb4 0-1

[Event "COL sub zt 2.3.4"]
[Site "La Dorada"]
[Date "2016.11.04"]
[Round "5"]
[White "Casas, Jose Fernando"]
[Black "Gomez Barrero, Sergio"]
[Result "0-1"]
[WhiteElo "1875"]
[BlackElo "2058"]
[PlyCount "60"]
[EventDate "2016.11.02"]
[EventType "swiss"]
[EventRounds "9"]
[EventCountry "COL"]
[SourceTitle "CBM 175 Extra"]
[Source "ChessBase"]
[SourceDate "2016.12.12"]
[SourceVersion "1"]
[SourceVersionDate "2016.12.12"]
[SourceQuality "1"]

1. e4 e5 2. d4 exd4 3. Bc4 d6 4. Nf3 Nc6 5. 0-0 Bg4 6. c3 Bxf3 7. gxf3 dxc3 8. Qb3 Qd7 9. Bxf7+ Qxf7 10. Qxb7 Kd7 11. Qxa8 Qxf3 12. e5 dxe5 13. Nxc3 Bd6 14. Re1 Nd4 15. Qe4 Nf6 16. Qh4 Qxc3 17. bxc3 Nf3+ 18. Kf1 Nxh4 19. Be3 a6 20. c4 Ng4 21. h3 Nxe3+ 22. Rxe3 Nf5 23. Rd3 Nd4 24. Re1 c5 25. Kg2 Rb8 26. h4 Rb2 27. Ra3 Nc2 28. Re2 Nxa3 29. Rxb2 Nxc4 30. Rb7+ Bc7 0-1

[Event "COL-ch Amateur"]
[Site "Villavicencio"]
[Date "2015.02.19"]
[Round "4"]
[White "Casas, Jose Fernando"]
[Black "Molano Diaz, Oscar Fabian"]
[Result "0-1"]
[WhiteElo "1894"]
[BlackElo "1622"]
[PlyCount "67"]
[EventDate "2015.02.18"]
[EventType "swiss"]
[EventRounds "9"]
[EventCountry "COL"]
[SourceTitle "CBM 165 Extra"]
[Source "ChessBase"]
[SourceDate "2015.04.21"]
[SourceVersion "1"]
[SourceVersionDate "2015.04.21"]
[SourceQuality "1"]

1. e4 e5 2. d4 exd4 3. Bc4 d6 4. Nf3 Nc6 5. Nxd4 Ne5 6. Bb3 Nf6 7. 0-0 Be7 8. Nc3 0-0 9. Kh1 a6 10. f4 Ng6 11. Qe2 c5 12. Nf3 b5 13. Bd5 Rb8 14. Be3 b4 15. Nd1 Nxd5 16. exd5 Bf6 17. Qd3 Re8 18. c4 Qd7 19. Ng5 Qf5 20. Qxf5 Bxf5 21. Rc1 Bxb2 22. Nxb2 Rxe3 23. Rce1 Rbe8 24. Nf3 Rxe1 25. Nxe1 Re2 26. Nd1 Be4 27. Nf2 Nxf4 28. Nxe4 Rxe4 29. g3 Ng6 30. Nf3 h6 31. Nd2 Re2 32. Rd1 Ne5 33. h3 a5 34. g4 0-1

[Event "Bogota Cesap op"]
[Site "Bogota"]
[Date "2011.09.13"]
[Round "3.1"]
[White "Gomez, Samael"]
[Black "Casas, Jose Fernando"]
[Result "1-0"]
[WhiteElo "1995"]
[BlackElo "1894"]
[PlyCount "85"]
[EventDate "2011.09.12"]
[EventType "swiss"]
[EventRounds "5"]
[EventCountry "COL"]
[SourceTitle "EXT 2024"]
[Source "ChessBase"]
[SourceDate "2023.10.10"]
[SourceVersion "1"]
[SourceVersionDate "2023.10.10"]
[SourceQuality "1"]

1. d4 d5 2. c4 c6 3. Qc2 Nf6 4. Nf3 g6 5. g3 Bg7 6. Bg2 0-0 7. 0-0 dxc4 8. Qxc4 Re8 9. Nc3 Be6 10. Qd3 Nbd7 11. Ng5 Nf8 12. Rd1 Bf5 13. Qc4 Ne6 14. a4 Nxg5 15. Bxg5 Rc8 16. a5 h6 17. Bc1 a6 18. e4 Bg4 19. f3 Be6 20. Qb4 Qd7 21. Na4 Qd6 22. Qc3 Nh5 23. Be3 g5 24. Nc5 Rb8 25. Nxe6 Qxe6 26. Bf1 Red8 27. Bc4 Qf6 28. Qb3 e6 29. Kg2 Qe7 30. Qb6 Nf6 31. Rd2 g4 32. Be2 gxf3+ 33. Bxf3 e5 34. Rad1 exd4 35. Bxd4 Nxe4 36. Rd3 Bxd4 37. Rxd4 Rxd4 38. Qxd4 Ng5 39. Bg4 Re8 40. h4 Ne6 41. Qe3 Qf6 42. Rd2 Ng5 43. hxg5 1-0

[Event "COL-chT"]
[Site "Bogota"]
[Date "2010.10.18"]
[Round "7.5"]
[White "Poveda, Julio Cesar"]
[Black "Casas, Jose Fernando"]
[Result "0-1"]
[WhiteElo "1600"]
[BlackElo "1917"]
[PlyCount "86"]
[EventDate "2010.10.15"]
[EventType "swiss"]
[EventRounds "7"]
[EventCountry "COL"]
[SourceTitle "EXT 2024"]
[Source "ChessBase"]
[SourceDate "2023.10.10"]
[SourceVersion "1"]
[SourceVersionDate "2023.10.10"]
[SourceQuality "1"]

1. e4 c5 2. c4 d6 3. Nc3 Nf6 4. g3 g6 5. Bg2 Bg7 6. Nge2 Nc6 7. d3 Bd7 8. 0-0 h5 9. h4 Bg4 10. Qe1 Qd7 11. Kh2 Rd8 12. f3 Be6 13. Be3 a6 14. Rb1 b5 15. b3 0-0 16. Qd2 Kh7 17. Nf4 Ne5 18. Nxe6 fxe6 19. Bh3 b4 20. Ne2 Ne8 21. Nf4 Nc7 22. d4 cxd4 23. Bxd4 Qc8 24. Bb6 Bh6 25. Bxc7 Qxc7 26. Nxe6 Bxd2 27. Nxc7 Rxf3 28. Ne6 Rxf1 29. Rxf1 Ra8 30. Rf2 a5 31. Kg2 Be3 32. Rf8 Rxf8 33. Nxf8+ Kg8 34. Nd7 Nd3 35. Nb8 Nc1 36. Nc6 Nxa2 37. Nxe7+ Kf7 38. Nc6 a4 39. Nxb4 axb3 40. Nd3 Nc1 41. Nb2 Bd4 42. Na4 b2 43. Nxb2 Bxb2 0-1

[Event "COL-chT"]
[Site "Bogota"]
[Date "2010.10.17"]
[Round "5.6"]
[White "Guzman Lozano, Campo Elias"]
[Black "Casas, Jose Fernando"]
[Result "1-0"]
[WhiteElo "2045"]
[BlackElo "1917"]
[PlyCount "101"]
[EventDate "2010.10.15"]
[EventType "swiss"]
[EventRounds "7"]
[EventCountry "COL"]
[SourceTitle "EXT 2024"]
[Source "ChessBase"]
[SourceDate "2023.10.10"]
[SourceVersion "1"]
[SourceVersionDate "2023.10.10"]
[SourceQuality "1"]

1. d4 Nf6 2. Nf3 g6 3. g3 Bg7 4. Bg2 d6 5. a4 Nbd7 6. a5 a6 7. 0-0 0-0 8. Na3 c5 9. Nc4 d5 10. Nce5 b6 11. Nc6 Qe8 12. axb6 Nxb6 13. Nce5 Nfd7 14. Nxd7 Nxd7 15. dxc5 e6 16. Ra5 Qd8 17. b4 Rb8 18. Bd2 Nf6 19. Ne5 Qc7 20. Nd3 Ne4 21. Bxe4 dxe4 22. Nc1 Rd8 23. Qe1 e5 24. Nb3 Bh3 25. Bc3 Bxf1 26. Qxf1 Ra8 27. e3 Qc6 28. Nd2 Rd7 29. Qc4 h5 30. Qxe4 Rd5 31. f3 Rad8 32. Nf1 Qf6 33. Ra1 g5 34. h3 Rd1 35. Rxd1 Rxd1 36. Kf2 Qe6 37. g4 hxg4 38. fxg4 Qf6+ 39. Qf5 Qc6 40. Ng3 a5 41. Qe4 Qf6+ 42. Nf5 axb4 43. c6 bxc3 44. c7 Rd2+ 45. Kf3 Rd8 46. Qb7 e4+ 47. Qxe4 Rc8 48. Qb7 Qe6 49. Qxc8+ Qxc8 50. Ne7+ Kf8 51. Nxc8 1-0

[Event "COL-ch Amateur"]
[Site "Garzon"]
[Date "2009.11.15"]
[Round "4.12"]
[White "Casas, Jose Fernando"]
[Black "Trujillo Urriago, Karen Jo"]
[Result "1-0"]
[WhiteElo "1917"]
[BlackElo "1567"]
[PlyCount "21"]
[EventDate "2009.11.14"]
[EventType "swiss"]
[EventRounds "7"]
[EventCountry "COL"]
[SourceTitle "EXT 2024"]
[Source "ChessBase"]
[SourceDate "2023.10.10"]
[SourceVersion "1"]
[SourceVersionDate "2023.10.10"]
[SourceQuality "1"]

1. e4 e5 2. d4 exd4 3. Bc4 Nf6 4. Nf3 d6 5. 0-0 c5 6. Ng5 d5 7. exd5 Nxd5 8. Nxf7 Qd7 9. Nxh8 b5 10. Qh5+ g6 11. Qxd5 1-0

[Event "COL-ch"]
[Site "San Andres Islas"]
[Date "2008.12.01"]
[Round "1"]
[White "Tovio, Israel"]
[Black "Casas, Jose Fernando"]
[Result "1-0"]
[WhiteElo "2243"]
[BlackElo "1889"]
[PlyCount "83"]
[EventDate "2008.12.01"]
[EventType "swiss"]
[EventRounds "9"]
[EventCountry "COL"]
[SourceTitle "CBM 127 Extra"]
[Source "ChessBase"]
[SourceDate "2009.01.08"]
[SourceVersion "2"]
[SourceVersionDate "2009.01.28"]
[SourceQuality "1"]

1. e4 c5 2. Nf3 d6 3. Bb5+ Bd7 4. Bxd7+ Nxd7 5. 0-0 Ngf6 6. Qe2 g6 7. c3 Bg7 8. d4 e6 9. Nbd2 0-0 10. e5 dxe5 11. dxe5 Ng4 12. Nc4 Qc7 13. Bf4 Nb6 14. Nd6 Nd5 15. Bg3 Nh6 16. Rad1 a6 17. Ng5 Qe7 18. Nge4 b6 19. c4 Nb4 20. Bf4 Nf5 21. Bg5 Qc7 22. Nxf5 exf5 23. Nf6+ Kh8 24. Qe3 Nc6 25. Rfe1 Nd4 26. Qh3 h5 27. Nxh5 gxh5 28. Qxh5+ Kg8 29. Bf6 Ne6 30. Rd3 Nf4 31. Qxf5 Bxf6 32. Qxf4 Bg7 33. Qf5 Rae8 34. Rh3 f6 35. e6 Rxe6 36. Qxe6+ Qf7 37. Rd3 f5 38. Rd7 Qxe6 39. Rxe6 Bxb2 40. Rxb6 Re8 41. g3 Bd4 42. Rxa6 1-0